El analista en el nuevo sistema de justicia penal

Detalles Bibliográficos
Autor principal: Tudela Poblete, Patricio Hernǹ
Otros Autores: Vallarta Cobo, Pedro, Bautista Garca̕, Edith
Formato: eBook
Lenguaje:español
Publicado: Ciudad de Mx̌ico: Instituto de ciencias penales de Mx̌ico (INACIPE), 2017
Materias:
Acceso en línea:Acceso restringido

MARC

LEADER 00000nam a22000007a 4500
005 20181124121044.0
007 cr|||| ||||
008 181124s2017 mx |||||s|||| 00||0 spa d
020 |a 978-607-9389-73-4 
035 |a 22485 
040 |a vLex 
090 |c 8330  |d 8330 
100 1 |a Tudela Poblete, Patricio Hernǹ 
245 1 2 |a El analista en el nuevo sistema de justicia penal  |h [Recurso electrn̤ico] /  |c Patricio Hernǹ Tudela Poblete, Pedro Vallarta Cobo, Edith Bautista Garca̕ 
256 |a Servicio en ln̕ea 
260 |a Ciudad de Mx̌ico:  |b Instituto de ciencias penales de Mx̌ico (INACIPE),  |c 2017 
300 |a 1 recurso electrn̤ico 
506 1 |a Disponible solo en los productos indicados  |d vLex Global  |d vLex Global (Academic Edition, excluding Law Schools)  |d vLex Global (U.S. Academic Edition, Law Schools)  |d vLex Global (U.S. Academic Edition, excluding Law Schools)  |d vLex Global (Academic Edition, Law Schools) 
650 0 4 |a Derecho Penal  |z Mx̌ico 
700 1 |a Vallarta Cobo, Pedro 
700 1 |a Bautista Garca̕, Edith 
740 0 |a vLex Libros (Servicio en ln̕ea) 
856 4 0 |u http://vlex.com/source/analista-nuevo-sistema-justicia-penal-22485  |z Acceso restringido 
942 |c BOOK 
999 0 |a Criminal law